| 000 | 00820nam a22002417a 4500 | ||
|---|---|---|---|
| 999 |
_c20766 _d20766 |
||
| 003 | AR-CdUCM | ||
| 008 | 190605b ||||| |||| 00| 0 spa d | ||
| 040 |
_aMUNICIPALIDAD PROVINCIAL DEL CUSCO _cBIBLIOTECA MUNICIPAL DEL CUSCO |
||
| 082 |
_a658 / _bN49 |
||
| 100 |
_aNewman, William H. _943370 |
||
| 245 | _aprogramación organización y control / | ||
| 260 |
_aEspaña : _bDeusto, _c1974. |
||
| 300 |
_a607 páginas ; _c30 cm. |
||
| 440 |
_aColección gestión _943371 |
||
| 505 | _aContenido : Programación -- Objetivos -- Puntos claves de la dirección -- Programas transitorios y programas permanentes... | ||
| 650 |
_aEmpresa _9826 |
||
| 650 |
_aPlanificación _96254 |
||
| 650 |
_aManejo _922123 |
||
| 650 |
_aEstrategia _922888 |
||
| 700 |
_aAlmandoz, Pedro _943372 |
||
| 942 |
_2ddc _cLIBROS |
||
| 945 | _arcc | ||